000 01097cab a2200277 4500
001 ABS60023
008 090401t1999 xxu||||| |||| 00| 0 eng d
035 _a(Sirsi) u91116
041 _aeng
100 _aTanney, A.
245 _aMaking hearsay into admissible evidence
260 _c1999
350 _a0
490 _aProperty Week
_v64(5) 5 February 1999, 34(1)
520 _aLooks at the issue of hearsay evidence for expert witnesses. The Civil Evidence Act 1995 made hearsay evidence admissible in civil proceedings, but such evidence is not admissible in criminal courts. This can cause problems for expert witnesses who wish to give evidence based on information gained from professional sources such as colleagues or professional databases.
650 _aADMISSIBLE EVIDENCE
650 _aCIVIL EVIDENCE ACT 1995
650 _aEXPERT WITNESSES
650 _aHEARSAY EVIDENCE
650 _aSOUTHWARK LBC V SIMPSON
650 _aR V ABADOM
690 _aMANAGEMENT-BUSINESS MANAGEMENT-PROFESSIONAL PRACTICE
700 _aShea, C.
942 _n0
948 _c04/02/1999
999 _c57820
_d57820